[Event "18.int.Seniorenturnier Bad Woerishofen"]
[Site "Veranstalter: chessorg"]
[Date "2002.03.12"]
[Round "6"]
[White "Kuhnert, Werner"]
[Black "Thonig, Manfred"]
[Result "0-1"]
[WhiteElo "1200"]
[BlackElo "1603"]
[PlyCount "68"]
[EventDate "2002.03.??"]

1. e4 e5 2. Nf3 Nc6 3. d4 d5 4. Nxe5 Nxe5 5. dxe5 d4 6. c3 c5 7. Be2 Be7 8. O-O
Bh4 9. Qd3 a6 10. cxd4 cxd4 11. Rd1 Ne7 12. Qxd4 Qxd4 13. Rxd4 Nc6 14. Rd1 Nxe5
15. Bf4 f6 16. g3 g5 17. Bxe5 fxe5 18. gxh4 gxh4 19. Na3 Bh3 20. Bf3 Ke7 21.
Rd3 b5 22. Bh1 Rhg8+ 23. Rg3 hxg3 24. fxg3 Rad8 25. Bf3 Rgf8 26. Be2 Rd2 27.
Bf1 Rxf1+ 28. Rxf1 Bxf1 29. Kxf1 Rxb2 30. h4 Kd6 31. Ke1 Kc5 32. Kd1 Rg2 33.
Nc2 Rxg3 34. Ke2 Rg4 0-1

[Event "18.int.Seniorenturnier Bad Woerishofen"]
[Site "Veranstalter: chessorg"]
[Date "2002.03.12"]
[Round "6"]
[White "Leschhorn, Heinrich"]
[Black "Borger, Martin"]
[Result "1-0"]
[WhiteElo "1846"]
[BlackElo "1748"]
[PlyCount "46"]
[EventDate "2002.03.??"]

1. Nf3 e6 2. g3 Nf6 3. c4 Be7 4. Bg2 O-O 5. O-O d5 6. b3 c6 7. Bb2 Nbd7 8. d3
Re8 9. Nbd2 Bf8 10. Re1 e5 11. Qc2 d4 12. e3 dxe3 13. Rxe3 Ng4 14. Re2 f6 15.
Rae1 c5 16. d4 cxd4 17. Nxd4 Nc5 18. Bd5+ Kh8 19. Bc1 Ne6 20. Nxe6 Bxe6 21.
Bxe6 Rxe6 22. Bb2 Rb8 23. Nf1 Nh6 1-0

[Event "18.int.Seniorenturnier Bad Woerishofen"]
[Site "Veranstalter: chessorg"]
[Date "2002.03.12"]
[Round "6"]
[White "Liszka, Guenter"]
[Black "Ziltener, Werner"]
[Result "1/2-1/2"]
[WhiteElo "1792"]
[BlackElo "1962"]
[PlyCount "105"]
[EventDate "2002.03.??"]

1. e4 e5 2. Nf3 Nc6 3. Bc4 Be7 4. d4 d6 5. dxe5 dxe5 6. Qxd8+ Bxd8 7. Nc3 Bg4
8. Ng5 Bh5 9. Be3 Nf6 10. f3 h6 11. Nh3 Ne7 12. g4 Bg6 13. Nf2 c6 14. a3 Bb6
15. Ke2 Bxe3 16. Kxe3 Nd7 17. b4 f6 18. Rad1 Nb6 19. Be2 Bf7 20. a4 Ng6 21. a5
Nc4+ 22. Bxc4 Bxc4 23. Nd3 Bxd3 24. Rxd3 Nf4 25. Rdd1 Ke7 26. Ne2 Ne6 27. c4
Rhd8 28. h3 g5 29. Rhg1 Rxd1 30. Rxd1 Rd8 31. Rxd8 Kxd8 32. Kd3 Kc7 33. Kc3 b6
34. axb6+ axb6 35. Kb3 c5 36. bxc5 bxc5 37. Ka4 Nd4 38. Nc3 Nxf3 39. Nd5+ Kd6
40. Nxf6 Nd2 41. Kb5 Ke6 42. Ng8 Nxe4 43. Nxh6 Nf2 44. Kxc5 Nxh3 45. Nf5 Nf4
46. Kb4 e4 47. Kc3 Nd3 48. Kd4 Nf2 49. Ne3 Kd6 50. Nf5+ Ke6 51. Ne3 Kd6 52.
Nf5+ Ke6 53. Ne3 1/2-1/2

[Event "18.int.Seniorenturnier Bad Woerishofen"]
[Site "Veranstalter: chessorg"]
[Date "2002.03.12"]
[Round "6"]
[White "Maassen, Hermann"]
[Black "Zohr, Adelbert"]
[Result "1-0"]
[WhiteElo "1701"]
[BlackElo "1762"]
[PlyCount "75"]
[EventDate "2002.03.??"]

1. e4 e6 2. d4 d5 3. Nc3 Nf6 4. Bg5 Be7 5. e5 Nfd7 6. h4 c5 7. Bxe7 Qxe7 8. Nb5
cxd4 9. Nc7+ Kd8 10. Nxa8 Qb4+ 11. Qd2 Qxb2 12. Rd1 h6 13. f4 Nc6 14. Nf3 b6
15. Be2 Bb7 16. Nxb6 Qxb6 17. Nxd4 Nc5 18. O-O Ne4 19. Qe3 Kd7 20. Bb5 Kc7 21.
Bxc6 Bxc6 22. Qa3 Kd7 23. Kh2 Bb7 24. f5 exf5 25. Nxf5 Qe6 26. Qa4+ Kc8 27. Qd4
g6 28. Ne3 Rd8 29. c4 Qe7 30. g3 g5 31. cxd5 gxh4 32. Qxe4 hxg3+ 33. Kg2 Rg8
34. Nf5 Qg5 35. Nd6+ Kd7 36. Nxb7 Qh5 37. e6+ Ke7 38. d6+ 1-0

[Event "18.int.Seniorenturnier Bad Woerishofen"]
[Site "Veranstalter: chessorg"]
[Date "2002.03.12"]
[Round "6"]
[White "Maertins, Leo"]
[Black "Michalowski, Richard"]
[Result "1-0"]
[WhiteElo "1642"]
[BlackElo "1521"]
[PlyCount "69"]
[EventDate "2002.03.??"]

1. c4 Nf6 2. Nc3 e6 3. g3 c6 4. Bg2 Be7 5. Nf3 d5 6. cxd5 exd5 7. d4 Bf5 8. O-O
O-O 9. Qb3 Qb6 10. Qd1 Bd6 11. a3 Nbd7 12. Nh4 Be6 13. f4 Ne4 14. f5 Rfe8 15.
fxe6 Rxe6 16. Nxe4 dxe4 17. Bh3 Nc5 18. Bxe6 Nxe6 19. Nf5 Be5 20. e3 Bf6 21. b4
Rd8 22. Ra2 Bg5 23. h4 Bf6 24. Qg4 Kh8 25. Qxe4 Qc7 26. Kg2 g6 27. Nh6 Kg7 28.
Ng4 Be7 29. Raf2 Bd6 30. Rxf7+ Qxf7 31. Rxf7+ Kxf7 32. Bb2 h5 33. Ne5+ Bxe5 34.
Qxe5 Rd5 35. Qb8 1-0

[Event "18.int.Seniorenturnier Bad Woerishofen"]
[Site "Veranstalter: chessorg"]
[Date "2002.03.12"]
[Round "6"]
[White "Malik, Rosemarie"]
[Black "Hennig, Manfred_Dr"]
[Result "1/2-1/2"]
[WhiteElo "1293"]
[BlackElo "1480"]
[PlyCount "74"]
[EventDate "2002.03.??"]

1. e4 e5 2. Nf3 Nc6 3. Bb5 d6 4. Bxc6+ bxc6 5. Nc3 c5 6. d3 Nf6 7. O-O Be7 8.
h3 c6 9. Bg5 h6 10. Be3 g5 11. Nh2 Bd7 12. Ne2 Nh5 13. Ng3 Nf4 14. Nf5 Bxf5 15.
exf5 Qd7 16. Qf3 d5 17. Bxf4 gxf4 18. Rfe1 Qxf5 19. c4 Rd8 20. b3 f6 21. Rad1
Kf7 22. Kh1 h5 23. Rg1 e4 24. dxe4 dxe4 25. Qc3 Rd3 26. Rxd3 exd3 27. Nf3 Rd8
28. Rd1 Rd7 29. Ne1 Bd6 30. f3 Be5 31. Qd2 Rd4 32. Nxd3 Rxd3 33. Qxd3 Qxd3 34.
Rxd3 Bd4 35. Rd1 h4 36. Re1 f5 37. a4 a5 1/2-1/2

[Event "18.int.Seniorenturnier Bad Woerishofen"]
[Site "Veranstalter: chessorg"]
[Date "2002.03.12"]
[Round "6"]
[White "Oser, Thor"]
[Black "Weber, Gerhard_Dr_34Lev"]
[Result "0-1"]
[WhiteElo "1703"]
[BlackElo "1847"]
[PlyCount "40"]
[EventDate "2002.03.??"]

1. e4 e5 2. Nf3 Nc6 3. Bc4 Nf6 4. Nc3 Nxe4 5. Nxe4 d5 6. Bxd5 Qxd5 7. d3 Bg4 8.
Nc3 Qd7 9. Be3 Be7 10. h3 Bh5 11. g4 Bg6 12. Qd2 O-O 13. O-O-O a6 14. Rdg1 b5
15. h4 f6 16. h5 Bf7 17. b3 Bb4 18. Kb2 Nd4 19. Ne1 Qc6 20. a3 Bxc3+ 0-1

[Event "18.int.Seniorenturnier Bad Woerishofen"]
[Site "Veranstalter: chessorg"]
[Date "2002.03.12"]
[Round "6"]
[White "Plasswich, Heribert"]
[Black "Johannsen, Ingbert"]
[Result "1/2-1/2"]
[WhiteElo "1798"]
[BlackElo "1958"]
[PlyCount "127"]
[EventDate "2002.03.??"]

1. e4 e6 2. Nc3 d5 3. d3 Nf6 4. e5 Nfd7 5. f4 c5 6. Nf3 Nc6 7. Ne2 Be7 8. c3
O-O 9. Ng3 b5 10. Be2 Qb6 11. O-O g6 12. b3 a5 13. Kh1 a4 14. Rb1 Bb7 15. h4 a3
16. h5 b4 17. c4 dxc4 18. dxc4 Rad8 19. Qc2 Rfe8 20. Bd3 Nf8 21. Be3 Rd7 22.
Qe2 Red8 23. Rbd1 Qc7 24. Ne4 Na7 25. Bc2 Bxe4 26. Bxe4 Kg7 27. Rxd7 Rxd7 28.
Qf2 Nc8 29. Qg3 Qd8 30. hxg6 Nxg6 31. f5 exf5 32. Bxf5 Rd1 33. Rxd1 Qxd1+ 34.
Kh2 Nb6 35. Qh3 Qe2 36. Qh6+ Kg8 37. e6 Nf8 38. exf7+ Kxf7 39. Qh5+ Kg8 40.
Qg4+ Kh8 41. Bh6 Qb2 42. Qh5 Ng6 43. Bxg6 hxg6 44. Qxg6 Qf6 45. Qe8+ Kh7 46.
Bg5 Bd6+ 47. Kh3 Qg6 48. Qxg6+ Kxg6 49. Kg4 Nxc4 50. Nh4+ Kf7 51. Nf3 Ne5+ 52.
Kf5 c4 53. Nd4 Bc5 54. Nc2 cxb3 55. axb3 Nd3 56. Bf6 Nc1 57. Na1 Be3 58. g4 Ne2
59. g5 Bd2 60. Ke4 Nc3+ 61. Kd3 Be1 62. Kc4 Ne4 63. Kd4 Kg6 (63... Nxf6 $1 64.
gxf6 (64. Nc2 Bc3+) 64... Bc3+ 65. Kc5 Bxa1 66. Kxb4 66... Bb2 $19) 64. Nc2
1/2-1/2

[Event "18.int.Seniorenturnier Bad Woerishofen"]
[Site "Veranstalter: chessorg"]
[Date "2002.03.12"]
[Round "6"]
[White "Richter, Gerhard_Dr_28Marb"]
[Black "Hausner, Alfreda"]
[Result "1/2-1/2"]
[WhiteElo "1840"]
[BlackElo "1696"]
[PlyCount "56"]
[EventDate "2002.03.??"]

1. Nf3 d5 2. d3 Nf6 3. g3 h6 4. Bg2 Bf5 5. c4 dxc4 6. Nh4 Bc8 7. Qa4+ c6 8.
Qxc4 e6 9. Nc3 Be7 10. Nf3 Nbd7 11. a4 a5 12. O-O O-O 13. h4 Bd6 14. d4 Nb6 15.
Qb3 Nbd5 16. Nh2 Qb6 17. Qd1 Bb4 18. Qd3 Qa6 19. Nxd5 exd5 20. Qf3 Kh7 21. g4
Ne4 22. g5 Bd2 23. gxh6 gxh6 24. Ng4 Bxg4 25. Qxg4 Rg8 26. Qf5+ Kh8 27. -- Qxe2
28. Bxd2 Qxd2 1/2-1/2

[Event "18.int.Seniorenturnier Bad Woerishofen"]
[Site "Veranstalter: chessorg"]
[Date "2002.03.12"]
[Round "6"]
[White "Ruth, Walter"]
[Black "Schratzenstaller, Albert"]
[Result "1/2-1/2"]
[WhiteElo "1855"]
[BlackElo "1769"]
[PlyCount "52"]
[EventDate "2002.03.??"]

1. Nf3 Nf6 2. b3 g6 3. Bb2 Bg7 4. e3 O-O 5. c4 e6 6. Nc3 c6 7. Be2 d5 8. Qc2 b6
9. O-O Bb7 10. cxd5 cxd5 11. Rac1 Nc6 12. Qb1 Rc8 13. Ba3 Re8 14. Nb5 Bf8 15.
Bxf8 Rxf8 16. Nbd4 Nxd4 17. Nxd4 a6 18. Qb2 Qe7 19. Nf3 Nd7 20. d4 Nb8 21. b4
Qd6 22. a3 Rxc1 23. Rxc1 Rc8 24. Rxc8+ Bxc8 25. Qc3 Qc6 26. Qxc6 Nxc6 1/2-1/2

[Event "18.int.Seniorenturnier Bad Woerishofen"]
[Site "Veranstalter: chessorg"]
[Date "2002.03.12"]
[Round "6"]
[White "Schafroth, Georg"]
[Black "Budde, Reinhard"]
[Result "0-1"]
[WhiteElo "1422"]
[BlackElo "1598"]
[PlyCount "84"]
[EventDate "2002.03.??"]

1. d4 Nf6 2. c4 g6 3. Nc3 Bg7 4. Nf3 d6 5. e3 O-O 6. Bd3 Nbd7 7. O-O Re8 8. h3
c6 9. Re1 e5 10. e4 exd4 11. Nxd4 Ne5 12. Bg5 Qb6 13. Nb3 Be6 14. Be3 Qc7 15.
Be2 Bxc4 16. Bxc4 Nxc4 17. Qc2 Rac8 18. Bf4 Ne5 19. Rad1 Qe7 20. f3 Nh5 21. Bh2
Qg5 22. Qf2 Qe7 23. g4 Nf6 24. Rd2 Nc4 25. Rc2 Nd7 26. Nd1 b5 27. a3 Nde5 28.
Qe2 a5 29. Nd2 d5 30. f4 Qa7+ 31. Qf2 Qxf2+ 32. Nxf2 Nxd2 33. Re2 Nef3+ 34. Kg2
Nd4 35. Rexd2 Nxc2 36. Rxc2 dxe4 37. Re2 e3 38. Nd3 Rcd8 39. Ne5 Rd2 40. Kf3
Rxe2 41. Kxe2 c5 42. Kxe3 f6 0-1

[Event "18.int.Seniorenturnier Bad Woerishofen"]
[Site "Veranstalter: chessorg"]
[Date "2002.03.12"]
[Round "6"]
[White "Scheidt, Eugen"]
[Black "Malik, Heinz"]
[Result "1-0"]
[WhiteElo "1790"]
[BlackElo "1662"]
[PlyCount "51"]
[EventDate "2002.03.??"]

1. e4 e5 2. Nf3 Nf6 3. Nxe5 d6 4. Nf3 Nxe4 5. d4 d5 6. Bd3 Nc6 7. c3 Bd6 8. O-O
O-O 9. Nbd2 Nf6 10. h3 Be6 11. Re1 Bf4 12. Nb3 Bxc1 13. Rxc1 h6 14. Ne5 Nxe5
15. Rxe5 Nd7 16. Re3 Re8 17. Qf3 c6 18. Rce1 Nf6 19. Nc5 19... Bc8 $4 20. Qxf6
gxf6 21. Rxe8+ Qxe8 22. Rxe8+ Kg7 23. Bf5 b6 24. Rxc8 Rxc8 25. Bxc8 bxc5 26.
dxc5 1-0

[Event "18.int.Seniorenturnier Bad Woerishofen"]
[Site "Veranstalter: chessorg"]
[Date "2002.03.12"]
[Round "6"]
[White "Tochtermann, Georg_Dr"]
[Black "Peierl, Walter"]
[Result "0-1"]
[WhiteElo "1828"]
[BlackElo "1846"]
[PlyCount "66"]
[EventDate "2002.03.??"]

1. e4 e6 2. d3 d5 3. Nd2 Nf6 4. g3 dxe4 5. dxe4 Bc5 6. Bg2 Nc6 7. Ne2 Bxf2+ 8.
Kxf2 Ng4+ 9. Kg1 Ne3 10. Qe1 Nxc2 11. Qf2 Nxa1 12. h3 Nc2 13. Kh2 e5 14. Nc3
N2d4 15. Rd1 Be6 16. Nd5 O-O 17. Nc4 h6 18. Be3 Bxd5 19. exd5 Ne7 20. Bxd4 exd4
21. Qxd4 Nf5 22. Qd3 Nd6 23. Nxd6 Qxd6 24. Be4 f6 25. Bf5 Rfe8 26. Be6+ Rxe6
27. dxe6 Qxe6 28. Rd2 Re8 29. a3 c6 30. b4 a6 31. a4 Qe5 32. Qc4+ Kh8 33. Rd7
Qb2+ 0-1

[Event "18.int.Seniorenturnier Bad Woerishofen"]
[Site "Veranstalter: chessorg"]
[Date "2002.03.12"]
[Round "6"]
[White "Wendel, Walter"]
[Black "Buchner, Matthias"]
[Result "1/2-1/2"]
[WhiteElo "1413"]
[BlackElo "1543"]
[PlyCount "59"]
[EventDate "2002.03.??"]

1. c4 e5 2. Nc3 Nf6 3. Nf3 Nc6 4. d3 d6 5. e3 Be7 6. Be2 Bd7 7. b3 O-O 8. Bb2
a6 9. O-O h6 10. Nd2 Rb8 11. Nce4 Nxe4 12. Nxe4 f5 13. Nd2 Bf6 14. Rb1 b5 15.
f4 exf4 16. exf4 Bxb2 17. Rxb2 Qf6 18. Rb1 Nd4 19. Nf3 Bc6 20. Nxd4 Qxd4+ 21.
Kh1 Rfe8 22. Bf3 Bxf3 23. Rxf3 Re3 24. Rxe3 Qxe3 25. Qf3 Qxf3 26. gxf3 Re8 27.
Rg1 Re3 28. cxb5 axb5 29. Rd1 d5 30. Rd2 1/2-1/2

[Event "18.int.Seniorenturnier Bad Woerishofen"]
[Site "Veranstalter: chessorg"]
[Date "2002.03.12"]
[Round "6"]
[White "Wolf, Alfred_34Bliest"]
[Black "Lamberger, Werner_39Oest"]
[Result "1-0"]
[WhiteElo "1779"]
[BlackElo "1606"]
[PlyCount "91"]
[EventDate "2002.03.??"]

1. d4 f5 2. g3 e6 3. Nf3 Nf6 4. Bg2 Be7 5. O-O O-O 6. b3 Nc6 7. c4 b6 8. Nc3
Bb4 9. Bb2 Ne4 10. Nxe4 fxe4 11. Ne5 Nxe5 12. dxe5 Bb7 13. a3 Be7 14. Qc2 d5
15. exd6 cxd6 16. Bxe4 Bxe4 17. Qxe4 e5 18. Rad1 Qc7 19. e3 Rad8 20. Rd5 Bf6
21. Rfd1 Qc6 22. Ba1 Rd7 23. Rc1 a6 24. Rxe5 Qxe4 25. Rxe4 Bxa1 26. Rxa1 Rdf7
27. f4 g6 28. Rd1 Rd7 29. Red4 Rfd8 30. e4 Kf7 31. e5 Ke6 32. exd6 Kf6 33. Kf2
h5 34. b4 Rc8 35. Rc1 Ke6 36. c5 b5 37. Re1+ Kf6 38. Rde4 Rcd8 39. h3 a5 40.
Re6+ Kf7 41. Re7+ Kf8 42. bxa5 Ra8 43. Rxd7 Rxa5 44. Re3 Ra4 45. c6 Rc4 46. c7
1-0

[Event "18.int.Seniorenturnier Bad Woerishofen"]
[Site "Veranstalter: chessorg"]
[Date "2002.03.13"]
[Round "7"]
[White "Barlo, Werner"]
[Black "Janssen, Helmut_35Itze"]
[Result "0-1"]
[WhiteElo "1736"]
[BlackElo "1878"]
[PlyCount "92"]
[EventDate "2002.03.??"]

1. Nf3 Nf6 2. d4 e6 3. c4 d5 4. Nc3 b6 5. Bf4 Bb7 6. cxd5 exd5 7. e3 Bd6 8. Ne5
Nbd7 9. Bb5 O-O 10. Nxd7 Nxd7 11. Bxd6 cxd6 12. O-O Nf6 13. Rc1 Qe7 14. Bd3
Rfc8 15. Bf5 Rc7 16. Qf3 g6 17. Bh3 Ne4 18. Qe2 Nxc3 19. Rxc3 Rxc3 20. bxc3 Bc8
21. Bxc8 Rxc8 22. Rc1 Qb7 23. g3 b5 24. a3 Rc4 25. Qb2 Qc6 26. Rb1 a6 27. Rc1
Kg7 28. Kf1 Kf6 29. h4 Qc8 30. Kg2 h5 31. Qc2 a5 32. e4 Qc6 33. e5+ dxe5 34.
dxe5+ Kg7 35. Qd2 d4+ 36. f3 Rxc3 37. Rxc3 Qxc3 38. Qg5 Qc6 39. Qd8 Qc2+ 40.
Kh3 Qf5+ 41. Kg2 Qxe5 42. Qxa5 Qe2+ 43. Kh3 Qxf3 44. Qe1 Qd5 45. Kh2 d3 46.
Qa1+ Kh7 0-1

[Event "18.int.Seniorenturnier Bad Woerishofen"]
[Site "Veranstalter: chessorg"]
[Date "2002.03.13"]
[Round "7"]
[White "Baur, Theo"]
[Black "Diete, Guenter"]
[Result "0-1"]
[WhiteElo "1499"]
[BlackElo "1744"]
[PlyCount "110"]
[EventDate "2002.03.??"]

1. e4 e5 2. Bc4 c6 3. Nc3 Nf6 4. d3 d5 5. exd5 cxd5 6. Bb3 Be7 7. h3 O-O 8. Nf3
Nc6 9. a3 h6 10. O-O Be6 11. Ne2 Bd6 12. Bd2 Rc8 13. Qc1 Kh7 14. Ng3 Ne7 15. c3
e4 16. dxe4 Bxg3 17. e5 Ne4 18. Bc2 Nf5 19. fxg3 Nexg3 20. Bxf5+ Bxf5 21. Re1
Be4 22. Kh2 Nf5 23. Qd1 Rc6 24. Nd4 Nxd4 25. cxd4 Rg6 26. g3 Qb6 27. Bc3 Re8
28. Rf1 Qe6 29. Rf4 f5 30. Qe2 Rc8 31. Rg1 a6 32. g4 fxg4 33. Rgxg4 Bf5 34.
Rxg6 Bxg6 35. Qf2 a5 36. h4 b5 37. Qg3 b4 38. axb4 axb4 39. Bxb4 Rc2+ 40. Rf2
Rc1 41. Bf8 Qd7 42. Re2 Be4 43. Re1 Rc2+ 44. Kg1 Rg2+ 45. Qxg2 Bxg2 46. e6 Qe8
47. e7 Be4 48. Kh2 Qg6 49. Rg1 Qd6+ 50. Rg3 Qa6 51. Rxg7+ Kh8 52. Rg2 Qf1 53.
Rg1 Qf2+ 54. Kh3 Qxg1 55. h5 Bf5+ 0-1

[Event "18.int.Seniorenturnier Bad Woerishofen"]
[Site "Veranstalter: chessorg"]
[Date "2002.03.13"]
[Round "7"]
[White "Buchner, Matthias"]
[Black "Malik, Rosemarie"]
[Result "1-0"]
[WhiteElo "1543"]
[BlackElo "1293"]
[PlyCount "134"]
[EventDate "2002.03.??"]

1. e4 e5 2. Bc4 Nc6 3. Nf3 Be7 4. d3 d6 5. h3 a6 6. a3 Be6 7. Nbd2 Nf6 8. Bxe6
fxe6 9. c3 b5 10. O-O O-O 11. b4 Nh5 12. Nxe5 Nxe5 13. Qxh5 Qe8 14. Qe2 Ng6 15.
Nf3 Bf6 16. d4 Kh8 17. Bg5 Qe7 18. Qe3 h6 19. Bxh6 Qf7 20. Bg5 Bxg5 21. Nxg5
Qf4 22. Nxe6 Qxe3 23. fxe3 Rxf1+ 24. Rxf1 c6 25. g3 Ra7 26. h4 Kg8 27. h5 Nh8
28. Rf8+ Kh7 29. g4 Nf7 30. Kg2 Re7 31. d5 cxd5 32. exd5 Ne5 33. Kg3 g6 34.
hxg6+ Nxg6 35. Ra8 Ne5 36. Rxa6 Nc4 37. e4 Nd2 38. Kh4 Nxe4 39. Ng5+ Nxg5 40.
Kxg5 Re5+ 41. Kf6 Rxd5 42. Ke6 Rg5 43. Rxd6 Rxg4 44. Rd3 Rg6+ 45. Kd5 Rg5+ 46.
Kc6 Kg6 47. Rd5 Rg3 48. Rc5 Rg1 49. Kxb5 Rc1 50. a4 Re1 51. a5 Re8 52. a6 Rb8+
53. Ka5 Kf6 54. b5 Ke6 55. c4 Kd6 56. Rh5 Rc8 57. c5+ Kc7 58. Rh7+ Kb8 59. c6
Ka8 60. Kb6 Rb8+ 61. Kc5 Rd8 62. Rd7 Rf8 63. b6 Rf5+ 64. Kd6 Rf6+ 65. Kc7 Rf8
66. Rd8+ Rxd8 67. Kxd8 Kb8 1-0

[Event "18.int.Seniorenturnier Bad Woerishofen"]
[Site "Veranstalter: chessorg"]
[Date "2002.03.13"]
[Round "7"]
[White "Budde, Reinhard"]
[Black "Tochtermann, Georg_Dr"]
[Result "1/2-1/2"]
[WhiteElo "1598"]
[BlackElo "1828"]
[PlyCount "47"]
[EventDate "2002.03.??"]

1. e4 d6 2. Nf3 g6 3. d4 Bg7 4. Nc3 c6 5. Be3 Nf6 6. Qd2 b5 7. a3 a6 8. Be2 Qc7
9. O-O O-O 10. Bh6 e5 11. Bxg7 Kxg7 12. dxe5 dxe5 13. Rad1 Re8 14. Qg5 h6 15.
Qd2 Nbd7 16. Qd6 Qxd6 17. Rxd6 Bb7 18. Nd2 Nc5 19. b4 Ne6 20. Rd1 a5 21. f3
axb4 22. axb4 Nd4 23. Bd3 Rac8 24. Rc1 1/2-1/2

[Event "18.int.Seniorenturnier Bad Woerishofen"]
[Site "Veranstalter: chessorg"]
[Date "2002.03.13"]
[Round "7"]
[White "Claus, Joachim"]
[Black "Wolf, Alfred_34Bliest"]
[Result "0-1"]
[WhiteElo "1864"]
[BlackElo "1779"]
[PlyCount "58"]
[EventDate "2002.03.??"]

1. f4 d5 2. Nf3 g6 3. e3 Bg7 4. Bd3 c5 5. Bb5+ Bd7 6. Bxd7+ Nxd7 7. d3 Ngf6 8.
O-O O-O 9. Nbd2 Qb6 10. Qe2 Rfe8 11. Rb1 e5 12. Nxe5 Nxe5 13. fxe5 Rxe5 14. Nf3
Re7 15. Kh1 Rae8 16. h3 Bh6 17. Qf2 Qe6 18. e4 Bg7 19. exd5 Qxd5 20. Bd2 Re2
21. Qg1 Nh5 22. Be1 Rxc2 23. g4 Nf4 24. Qg3 Nxd3 25. Bc3 Re7 26. Bxg7 Kxg7 27.
Rbd1 Qe4 28. Kg1 Qe3+ 29. Kh1 Nf2+ 0-1

[Event "18.int.Seniorenturnier Bad Woerishofen"]
[Site "Veranstalter: chessorg"]
[Date "2002.03.13"]
[Round "7"]
[White "Czeitschner, Roland"]
[Black "Maertins, Leo"]
[Result "1-0"]
[WhiteElo "1821"]
[BlackElo "1642"]
[PlyCount "72"]
[EventDate "2002.03.??"]

1. d4 d5 2. c4 e6 3. Nf3 c5 4. cxd5 exd5 5. dxc5 Bxc5 6. e3 Nf6 7. Nc3 O-O 8.
Be2 Nc6 9. O-O Re8 10. b3 a6 11. Bb2 b5 12. Rc1 Qd6 13. Qc2 Nd7 14. Rfd1 Ne7
15. Ne4 Qg6 16. Nxc5 Qxc2 17. Rxc2 Nxc5 18. Rxc5 Be6 19. Ng5 h6 20. Nxe6 fxe6
21. Rc7 Rac8 22. Rdc1 Rcd8 23. Bg4 Kf7 24. Ra7 Rc8 25. Rcc7 Rxc7 26. Rxc7 Rc8
27. Rxc8 Nxc8 28. Ba3 Na7 29. Bc5 Nc6 30. f4 g6 31. Kf2 h5 32. Be2 e5 33. fxe5
Nxe5 34. a4 bxa4 35. bxa4 Nc4 36. Bxc4 dxc4 1-0

[Event "18.int.Seniorenturnier Bad Woerishofen"]
[Site "Veranstalter: chessorg"]
[Date "2002.03.13"]
[Round "7"]
[White "Eichinger, Adolf"]
[Black "Borger, Martin"]
[Result "0-1"]
[WhiteElo "1484"]
[BlackElo "1748"]
[PlyCount "78"]
[EventDate "2002.03.??"]

1. e4 e5 2. Nf3 Nc6 3. Bc4 Be7 4. d3 Nf6 5. a3 O-O 6. Nc3 d6 7. h3 h6 8. O-O
Be6 9. Bxe6 fxe6 10. d4 exd4 11. Nxd4 Nxd4 12. Qxd4 e5 13. Qd3 c6 14. Qg3 Kh7
15. f4 Nh5 16. Qg4 Nxf4 17. Bxf4 exf4 18. Rxf4 Qb6+ 19. Kh1 Qxb2 20. Raf1 Rxf4
21. Rxf4 Qxc3 22. Rf7 Qa1+ 23. Kh2 Qe5+ 24. Kh1 Rf8 25. Rxf8 Bxf8 26. Qd7 Qe7
27. Qf5+ g6 28. Qa5 b6 29. Qa4 c5 30. Qc4 Bg7 31. g3 Qe5 32. Kg2 a6 33. Qxa6
Qxe4+ 34. Kh2 Qxc2+ 35. Kh1 Qe4+ 36. Kh2 Qc6 37. Qd3 c4 38. Qc2 c3 39. h4 Qd5
0-1

[Event "18.int.Seniorenturnier Bad Woerishofen"]
[Site "Veranstalter: chessorg"]
[Date "2002.03.13"]
[Round "7"]
[White "Fleckner, Hans"]
[Black "Maassen, Hermann"]
[Result "0-1"]
[WhiteElo "1790"]
[BlackElo "1701"]
[PlyCount "52"]
[EventDate "2002.03.??"]

1. e4 e6 2. d4 d5 3. Nd2 c5 4. exd5 exd5 5. Ngf3 Nf6 6. dxc5 Bxc5 7. Nb3 Bb6 8.
Bg5 Bxf2+ 9. Kxf2 Ne4+ 10. Kg1 Nxg5 11. Qe1+ Be6 12. Bb5+ Nc6 13. Nfd4 O-O 14.
Bxc6 bxc6 15. Nxc6 Qb6+ 16. Ncd4 a5 17. a4 Rfe8 18. Qg3 Ne4 19. Qd3 Bd7 20. Kf1
Qf6+ 21. Qf3 Nd2+ 22. Nxd2 Qxd4 23. Qc3 Qf4+ 24. Nf3 Re3 25. Qc5 Rc8 26. Qa7
Bh3 0-1

[Event "18.int.Seniorenturnier Bad Woerishofen"]
[Site "Veranstalter: chessorg"]
[Date "2002.03.13"]
[Round "7"]
[White "Ganslmayer, Herbert"]
[Black "Auf'm_Wasser, Guenter"]
[Result "1/2-1/2"]
[WhiteElo "1779"]
[BlackElo "1588"]
[PlyCount "37"]
[EventDate "2002.03.??"]

1. d4 Nf6 2. e3 g6 3. f4 Bg7 4. Nf3 O-O 5. Bc4 d5 6. Bb3 c6 7. O-O Ne4 8. Nbd2
f5 9. Qe2 e6 10. Nxe4 fxe4 11. Ne5 Nd7 12. Bd2 Nxe5 13. dxe5 a5 14. a4 b6 15.
Rfd1 Ba6 16. Qe1 Qe8 17. Rac1 Rd8 18. Ba2 c5 19. b3 1/2-1/2

[Event "18.int.Seniorenturnier Bad Woerishofen"]
[Site "Veranstalter: chessorg"]
[Date "2002.03.13"]
[Round "7"]
[White "Haasper, Peter"]
[Black "Gestrich, Wolfgang_ProfDr"]
[Result "1-0"]
[WhiteElo "1793"]
[BlackElo "1595"]
[PlyCount "67"]
[EventDate "2002.03.??"]

1. d4 Nf6 2. c4 d6 3. Nc3 Bf5 4. f3 h6 5. e4 Bh7 6. Be3 Nbd7 7. Bd3 e5 8. Nge2
c6 9. O-O g5 10. d5 c5 11. a3 a6 12. Qd2 b6 13. b4 Qc7 14. Rfb1 Rb8 15. Kh1 Be7
16. Rb2 O-O 17. Nc1 Rb7 18. g4 Ne8 19. Qf2 f6 20. Rab1 Ng7 21. Na4 Rfb8 22. Nc3
Ne8 23. Qf1 Bg6 24. Bc2 Qc8 25. Ba4 Kg7 26. Bc6 Ra7 27. bxc5 dxc5 28. Na4 Bd6
29. Qd3 Qd8 30. Bxd7 Rxd7 31. Nxc5 bxc5 32. Rxb8 Bxb8 33. Bxc5 Rc7 34. Bb6 1-0

[Event "18.int.Seniorenturnier Bad Woerishofen"]
[Site "Veranstalter: chessorg"]
[Date "2002.03.13"]
[Round "7"]
[White "Harke, Horst"]
[Black "Block, Herbert"]
[Result "1-0"]
[WhiteElo "1755"]
[BlackElo "1485"]
[PlyCount "101"]
[EventDate "2002.03.??"]

1. d4 d5 2. c4 dxc4 3. Qa4+ c6 4. Qxc4 Qd5 5. e3 Qxc4 6. Bxc4 b5 7. Bd3 Bb7 8.
f3 e6 9. Ne2 Bb4+ 10. Bd2 a5 11. O-O Ne7 12. Bxb4 axb4 13. Nd2 O-O 14. g3 Nd7
15. Ne4 Rad8 16. Rfd1 Nb6 17. b3 Ned5 18. Kf2 Ba8 19. Rac1 f5 20. Nc5 Rf6 21.
Bb1 Rdf8 22. f4 R6f7 23. e4 fxe4 24. Bxe4 Nf6 25. Bf3 Nbd5 26. Nxe6 Re8 27. f5
h6 28. Rd3 Nh7 29. g4 Ng5 30. Nxg5 hxg5 31. Bxd5 cxd5 32. Re3 Ref8 33. Rc5 g6
34. Ng3 gxf5 35. Nxf5 Ra7 36. Re2 Rf6 37. Kg3 Kh7 38. h4 gxh4+ 39. Kxh4 Rfa6
40. Rcc2 Rg6 41. Kg3 Bc6 42. Rh2+ Kg8 43. Rce2 Kf7 44. Rh8 Rg8 45. Rxg8 Kxg8
46. Ne7+ Rxe7 47. Rxe7 Kf8 48. Rc7 Be8 49. Rc5 Ke7 50. Rxd5 Ke6 51. Re5+ 1-0

[Event "18.int.Seniorenturnier Bad Woerishofen"]
[Site "Veranstalter: chessorg"]
[Date "2002.03.13"]
[Round "7"]
[White "Hausner, Alfreda"]
[Black "Scheidt, Eugen"]
[Result "1/2-1/2"]
[WhiteElo "1696"]
[BlackElo "1790"]
[PlyCount "55"]
[EventDate "2002.03.??"]

1. Nf3 Nf6 2. d4 e6 3. Bf4 d6 4. c3 b6 5. Nbd2 Bb7 6. e3 Nbd7 7. h3 g6 8. Be2
Bg7 9. O-O O-O 10. Qc2 Re8 11. Rfe1 e5 12. dxe5 dxe5 13. Bg5 h6 14. Bxf6 Bxf6
15. Rad1 Qe7 16. Bf1 Red8 17. e4 Nc5 18. b4 Ne6 19. g3 a5 20. a3 Ng5 21. Nxg5
hxg5 22. Bg2 axb4 23. axb4 Kg7 24. Nc4 Rxd1 25. Rxd1 Qe6 26. Ne3 c6 27. Qd3 Rd8
28. Qc2 1/2-1/2